Online
Catalog

Confluencias : (Record no. 7295)

MARC details
000 -CABECERA
campo de control de longitud fija 00736cam a2200229 a 4500
001 - NÚMERO DE CONTROL
campo de control 000007514
005 - FECHA Y HORA DE LA ÚLTIMA TRANSACCIÓN
campo de control 20200929154209.0
008 - DATOS DE LONGITUD FIJA--INFORMACIÓN GENERAL
campo de control de longitud fija 890214s1988 cu 000 e spa d
035 ## - NÚMERO DE CONTROL DEL SISTEMA
Número de control de sistema (DLC) 89113863
040 ## - FUENTE DE LA CATALOGACIÓN
Centro catalogador/agencia de origen DO-SdBNP
Centro/agencia transcriptor DLC
Centro/agencia modificador BNPHU
082 ## - NÚMERO DE LA CLASIFICACIÓN DECIMAL DEWEY
Número de clasificación Cu864.4
Número de documento/Ítem L686c
049 ## - FONDOS LOCALES (OCLC)
Fondos de biblioteca BNGR
100 1# - ENTRADA PRINCIPAL--NOMBRE DE PERSONA
Nombre de persona Lezama Lima, José,
Fechas asociadas al nombre 1910-1976.
9 (RLIN) 20860
245 10 - MENCIÓN DE TÍTULO
Título Confluencias :
Resto del título selección de ensayos /
Mención de responsabilidad, etc. José Lezama Lima ; prólogo de Abel E. Prieto.
260 ## - PUBLICACIÓN, DISTRIBUCIÓN, ETC.
Lugar de publicación, distribución, etc. La Habana, Cuba :
Nombre del editor, distribuidor, etc. Letras Cubanas,
Fecha de publicación, distribución, etc. 1988.
300 ## - DESCRIPCIÓN FÍSICA
Extensión xli, 429 p. ;
Dimensiones 23 cm.
650 #4 - PUNTO DE ACCESO ADICIONAL DE MATERIA--TÉRMINO DE MATERIA
Término de materia o nombre geográfico como elemento de entrada Ensayos cubanos
9 (RLIN) 5691
650 #4 - PUNTO DE ACCESO ADICIONAL DE MATERIA--TÉRMINO DE MATERIA
Término de materia o nombre geográfico como elemento de entrada Literatura cubana
9 (RLIN) 1483
700 1# - PUNTO DE ACCESO ADICIONAL--NOMBRE DE PERSONA
Nombre de persona Prieto, Abel Enrique,
Fechas asociadas al nombre 1950-,
Término indicativo de función/relación pról.
9 (RLIN) 20865
910 ## - DATOS DE OPCIÓN DEL USUARIO (OCLC)
Datos de opción del usuario Catalogación por copia / LC
910 ## - DATOS DE OPCIÓN DEL USUARIO (OCLC)
Datos de opción del usuario WM
Holdings
Estado de retiro Estado de pérdida Restricciones de uso No para préstamo Código de colección Localización permanente Ubicación/localización actual Ubicación en estantería Fecha de adquisición Número de inventario Total de préstamos Signatura topográfica completa Código de barras Fecha visto por última vez Precio válido a partir de Tipo de ítem Koha
        Monografías: Libros y Folletos General General Depósito 08.09.2009 LF1   Cu864.4 L686c 7514-10 25.06.2020 25.06.2020 Préstamo en sala

Powered by Koha